The Caribbean people, book 2 / (Record no. 110392)

MARC details
000 -LEADER
campo de control de longitud fija 00718cam a2200265 a 4500
001 - NÚMERO DE CONTROL
campo de control 47555
005 - FECHA Y HORA DE LA ÚLTIMA TRANSACCIÓN
campo de control 20230411085958.0
008 - DATOS DE LONGITUD FIJA--INFORMACIÓN GENERAL
campo de control de longitud fija 000609s1980 uk b 000 0 eng d
035 ## - NÚMERO DE CONTROL DEL SISTEMA
Número de control de sistema (OCoLC)ocn317305843
040 ## - FUENTE DE CATALOGACIÓN
Centro catalogador/agencia de origen otp
Lengua de catalogación eng
Centro/agencia transcriptor TOH
020 ## - NÚMERO INTERNACIONAL ESTÁNDAR DEL LIBRO
Número Internacional Estándar del Libro 017566241X (pbk.)
020 ## - NÚMERO INTERNACIONAL ESTÁNDAR DEL LIBRO
Número Internacional Estándar del Libro 9780175662418 (pbk.)
035 ## - NÚMERO DE CONTROL DEL SISTEMA
Número de control de sistema (OCoLC)317305843
043 ## - CÓDIGO DE ÁREA GEOGRÁFICA
Código de área geográfica cc-----
082 #4 - NÚMERO DE LA CLASIFICACIÓN DECIMAL DEWEY
Número de clasificación 972.9
049 ## - FONDOS LOCALES (OCLC)
Biblioteca depositaria GRAL
100 1# - ENTRADA PRINCIPAL--NOMBRE DE PERSONA
Nombre de persona Honychurch, Lennox,
Fechas asociadas al nombre 1952-
245 14 - MENCIÓN DEL TÍTULO
Título The Caribbean people, book 2 /
Mención de responsabilidad, etc. Lennox Honychurch. --
260 ## - PUBLICACIÓN, DISTRIBUCIÓN, ETC.
Lugar de publicación, distribución, etc. [s.l.] :
Nombre del editor, distribuidor, etc. Nelson Caribbean,
Fecha de publicación, distribución, etc. 1980.
300 ## - DESCRIPCIÓN FÍSICA
Extensión 128 p. :
Otras características físicas ill. (some col.), maps.
651 #0 - PUNTO DE ACCESO ADICIONAL DE MATERIA--NOMBRE GEOGRÁFICO
Nombre geográfico Caribbean Area
Subdivisión general History.
942 ## - ELEMENTOS DE ENTRADA SECUNDARIOS (KOHA)
Fuente del sistema de clasificación o colocación Clasificación de Library of Congress
Tipo de ítem Koha
994 ## -
-- C0
-- DRFGD
946 ## - PROCESAMIENTO DE INFORMACIÓN LOCAL (OCLC)
a JP
Holdings
Estatus retirado Estado de pérdida Fuente del sistema de clasificación o colocación Estado de daño No para préstamo Colección Biblioteca de origen Biblioteca actual Ubicación en estantería Fecha de adquisición Código de barras Visto por última vez Copia número Tipo de ítem Koha
    Clasificación de Library of Congress     Automatización y Procesos Técnicos Biblioteca Juan Bosch Biblioteca Juan Bosch Automatización y Procesos Técnicos (1er. Piso) 11/04/2023 00000091046 17/02/2019 1